Los Simpson : cuarta temporada completa = The Simpsons : The Complete Fourth Season /

Serie televisual animada, ideada por el caricaturista norteamericano Matt Groening y desarrollada después por éste con la colaboración de James L. Brooks y Sam Simon, que presenta un retrato mordaz –pero también afectuoso a la vez- de la familia y específicamente, de la familia norteamericana de cla...

詳細記述

保存先:
書誌詳細
第一著者: Groening, Matt (idea original)
その他の著者: Brooks, James L. (producción ejecutiva) (producción ejecutiva), Groening, Matt (producción ejecutiva) (producción ejecutiva), Simon, Sam (producción ejecutiva) (producción ejecutiva), Silverman, David (realización) (realización), Apple, Gary (guión) (guión), Carrington, Michael (guión) (guión), McJimsey, Mark (montaje) (montaje), Barrozo, Don (montaje) (montaje), Elfman, Danny (música) (música), Clausen, Alf (música) (música), Castellaneta, Dan (voz) (voz), Kavner, Julie (voz) (voz), Cartwright, Nancy (voz) (voz), Groening, Matt (comentarios) (comentarios), Moore, Rich (realización) (realización), O'Brien, Conan (guión) (guión), Baeza, Carlos (realización) (realización), Stern, David M. (guión) (guión), Lynch, Jeffrey (realización) (realización), Vitti, Jon (guión) (guión), Archer, Wesley (realización) (realización), Mula, Frank (guión) (guión), Reardon, Jim (realización) (realización)
フォーマット: スライド
言語:英語
出版事項: Los Angeles, EUA : Twentieth Century Fox, c1992-1993
México : Twentieth Century Fox [distribución], 2004, c2004
シリーズ:(Los Simpson. Temporada 4 ; 411, 412, 413, 414, 415, 416)
(The Simpsons. Season 4 ; 411, 412, 413, 414, 415, 416)
主題:
タグ: タグ追加
タグなし, このレコードへの初めてのタグを付けませんか!

MARC

LEADER 00000ngm^a2200000^a^4500
001 000305184
005 20250521000000.0
009 20260310112740.276
037 |a Acervo ITESO - Biblioteca 
041 |a ING 
082 |a 306. 850973  |b GRO S. 4 V. 411-416 
100 |a Groening, Matt  |e (idea original) 
240 1 5 |a [Los Simpson] 
240 1 5 |a [The Simpsons] 
240 1 5 |a [Los Simpson: cuarta temporada completa] 
240 1 5 |a [The Simpsons: The Complete Fourth Season] 
245 1 4 |a Los Simpson :  |b cuarta temporada completa = The Simpsons : The Complete Fourth Season /  |c Idea original de M. Groening ; prod. ejecutiva de J.L. Brooks, M. Groening, S. Simon ; realización de D. Silverman... [et al.]. 
246 2 |a Título en la pantalla: Los Simpson: hermano mayor, hermano menor 
246 2 |a Título en la pantalla: Los Simpson: yo amo a Lisa 
246 2 |a Título en la pantalla: Los Simpson: la promesa 
264 4 |a Los Angeles, EUA :  |b Twentieth Century Fox,  |c c1992-1993 
264 4 |a México :  |b Twentieth Century Fox [distribución],  |c 2004, c2004 
300 |a 1 DVD región 4  |c (23, 23, 23, 23, 23, 23 min.) 
336 |a imagen móvil bidimensional  |b tdi  |2 rdacontenido 
337 |a video  |b v  |2 rdamedio 
338 |a videodisco  |b vd  |2 rdasoporte 
440 5 |a (Los Simpson.  |p Temporada 4 ;  |v 411, 412, 413, 414, 415, 416) 
440 5 |a (The Simpsons.  |p Season 4 ;  |v 411, 412, 413, 414, 415, 416) 
520 |a Serie televisual animada, ideada por el caricaturista norteamericano Matt Groening y desarrollada después por éste con la colaboración de James L. Brooks y Sam Simon, que presenta un retrato mordaz –pero también afectuoso a la vez- de la familia y específicamente, de la familia norteamericana de clase media. La serie narra las desventuras y situaciones absurdas de los Simpson, una familia nuclear semi-disfucional, típica y heterodoxa al unísono, residente en la pequeña localidad de Springfield: el amoroso padre Homero, un hombre de nula capacidad intelectual que trabaja en una planta nuclear, y su pareja Marge, una especie de "supermadre" en ocasiones autoritaria, pero siempre responsable; el sagaz y cínico Bart, estudiante de cuarto grado que no está interesado en desarrollar su potencial y se enorgullece de ello, y Lisa, su brillante hermana de ocho años de edad que asume su vida con total seriedad; finalmente, Maggie, una bebé que seguido es olvidada y atestigua en silencio su disparatado entorno. Familiares, vecinos, amigos, personajes representativos de la cultura popular norteamericana de masas y la permanente presencia o referencia a los medios de comunicación, que son parodiados continuamente, toman parte en las hilarantes tramas. Un éxito de audiencia y de crítica, tanto en Estados Unidos como en otras naciones, la serie inició sus transmisiones el 17 de diciembre de 1989 y ha sido reconocida con numerosos Premios Primetime Emmy, de la Academia Norteamericana de Artes y Ciencias Televisuales. 
520 |a La presente colección de 4 DVD reúne las 22 emisiones de la cuarta temporada, con una duración promedio de 23 minutos, correspondiente al bienio 1992-1993 y que abarcan los capítulos comprendidos del número 401 al 422. El segundo tomo de la colección contiene los episodios 411-416: El triple marcapasos de Homero (transmitido el 17 de diciembre de 1992), Marge contra el monorriel (14 de enero de 1993), La elección de Selma (21 de enero de 1993), Hermano del mismo planeta (también conocido como Hermano mayor, hermano menor, 4 de febrero de 1993), Amo a Lisa (también conocido como Yo amo a Lisa, 11 de febrero de 1993) y Sin cerveza (también conocido como La promesa, 18 de febrero de 1993). 
520 |a Suplementos y características especiales: 1) Opción de reproducir cada uno de los seis episodios con un comentario de Matt Groening y otros miembros del equipo de producción de la serie; 2) Portafolio de animaciones multiángulo, animación preliminar y bocetos del capítulo El triple marcapasos de Homero y 3) Comentario adicional para el episodio Marge contra el monorriel. 
546 |a En inglés, con subtítulos opcionales: español, inglés, portugués 
546 |a Doblaje opcional: español, portugués 
649 |a XX 
650 |a Familia Nuclear -  |z EUA -  |x Condiciones Sociales y Culturales 
650 |a Familia -  |z EUA -  |x Condiciones Sociales y Culturales -  |x Tema Principal 
650 |a Clase Media -  |z EUA -  |x Condiciones Sociales y Culturales 
650 |a Dibujos Animados 
650 |a Parodias 
650 |a Sátira 
650 |a Series Cómicas 
650 |a Series de Televisión 
650 |a Televisión -  |z EUA -  |y 1990-1999 
650 |a Televisión -  |z EUA -  |y Siglo XX 
650 |a Relaciones Familiares -  |z EUA 
650 |a Recepción y Apropiación de la Comunicación -  |z EUA 
650 |a Cultura de Masas -  |z EUA -  |x Historia 
650 |a Sociedad Postindustrial -  |z EUA 
650 |a EUA -  |x Condiciones Sociales y Culturales 
650 |a Modernidad y Posmodernidad 
740 4 |a Los Simpson :  |b el triple marcapasos de Homero = The Simpsons : Homer's Triple Bypass /  |c Idea original de M. Groening ; prod. ejecutiva de J.L. Brooks, M. Groening, S. Simon ; realización de D. Silverman. 
740 4 |a Los Simpson :  |b Marge contra el monorriel = The Simpsons : Marge vs. the Monorail /  |c Idea original de M. Groening ; prod. ejecutiva de J.L. Brooks, M. Groening, S. Simon ; realización de R. Moore. 
740 4 |a Los Simpson :  |b la elección de Selma = The Simpsons : Selma's Choice /  |c Idea original de M. Groening ; prod. ejecutiva de J.L. Brooks, M. Groening, S. Simon ; realización de C. Baeza. 
740 4 |a Los Simpson :  |b hermano del mismo planeta = The Simpsons : Brother from the Same Planet /  |c Idea original de M. Groening ; prod. ejecutiva de J.L. Brooks, M. Groening, S. Simon ; realización de J. Lynch. 
740 4 |a Los Simpson :  |b amo a Lisa = The Simpsons : I Love Lisa /  |c Idea original de M. Groening ; prod. ejecutiva de J.L. Brooks, M. Groening, S. Simon ; realización de W. Archer. 
740 4 |a Los Simpson :  |b sin cerveza = The Simpsons : Duffless /  |c Idea original de M. Groening ; prod. ejecutiva de J.L. Brooks, M. Groening, S. Simon ; realización de J. Reardon. 
700 |a Brooks, James L.  |e (producción ejecutiva) 
700 |a Groening, Matt  |e (producción ejecutiva) 
700 |a Simon, Sam  |e (producción ejecutiva) 
700 |a Silverman, David  |e (realización) 
700 |a Apple, Gary  |e (guión) 
700 |a Carrington, Michael  |e (guión) 
700 |a McJimsey, Mark  |e (montaje) 
700 |a Barrozo, Don  |e (montaje) 
700 |a Elfman, Danny  |e (música) 
700 |a Clausen, Alf  |e (música) 
700 |a Castellaneta, Dan  |e (voz) 
700 |a Kavner, Julie  |e (voz) 
700 |a Cartwright, Nancy  |e (voz) 
700 |a Groening, Matt  |e (comentarios) 
700 |a Moore, Rich  |e (realización) 
700 |a O'Brien, Conan  |e (guión) 
700 |a Baeza, Carlos  |e (realización) 
700 |a Stern, David M.  |e (guión) 
700 |a Lynch, Jeffrey  |e (realización) 
700 |a Vitti, Jon  |e (guión) 
700 |a Archer, Wesley  |e (realización) 
700 |a Mula, Frank  |e (guión) 
700 |a Reardon, Jim  |e (realización) 
910 |a Fondo General 
920 |a Audiovisuales - DVDs 
905 |a 302 
901 |a 0500186427  |b IT2  |c DVS  |i C117942  |u 20250521 
902 |a https://opac.biblio.iteso.mx/vufind/Record/000305184